Heading for trouble? (Record no. 75919)
[ view plain ]
| 000 -LEADER | |
|---|---|
| fixed length control field | 01049cab a2200181 4500 |
| 001 - CONTROL NUMBER | |
| control field | L131046 |
| 008 - FIXED-LENGTH DATA ELEMENTS--GENERAL INFORMATION | |
| fixed length control field | 050923n2005 000 0 eng u |
| 035 ## - SYSTEM CONTROL NUMBER | |
| System control number | (Sirsi) u131046 |
| 041 0# - LANGUAGE CODE | |
| Language code of text/sound track or separate title | eng |
| 100 1# - MAIN ENTRY--PERSONAL NAME | |
| Personal name | Fletcher, Jon |
| 245 00 - TITLE STATEMENT | |
| Title | Heading for trouble? |
| 260 ## - PUBLICATION, DISTRIBUTION, ETC. | |
| Date of publication, distribution, etc. | 2005 |
| 490 #0 - SERIES STATEMENT | |
| Series statement | QS Week |
| Volume/sequential designation | (21) 14 september 2005, 12(1) |
| 520 ## - SUMMARY, ETC. | |
| Summary, etc. | Looks at current state of UK construction industry. Claims changes in public sector procurement may have flattened out traditional peaks and troughs. However, new finance initiatives and regeneration projects are not usually handled by smaller firms. This is resulting in a downturn in their order books. Explanations for the drop in interim profits for larger firms include rising material prices, overrunning costs for individual projects and a lessening of home improvement work. However, some contractors argue that most firms have more work than they can cope with. Concludes industry is unlikely to be heading for recession. |
| 590 ## - LOCAL NOTE (RLIN) | |
| Local note | IKA270905 |
| 690 ## - LOCAL SUBJECT ADDED ENTRY--TOPICAL TERM (OCLC, RLIN) | |
| Topical term or geographic name as entry element | Procurement |
| 9 (RLIN) | 6260 |
| 942 ## - ADDED ENTRY ELEMENTS (KOHA) | |
| Suppress in OPAC | 0 |
| Withdrawn status | Lost status | Source of classification or shelving scheme | Damaged status | Not for loan | Home library | Current library | Shelving location | Date acquired | Total Checkouts | Full call number | Barcode | Date last seen | Copy number | Price effective from | Koha item type |
|---|---|---|---|---|---|---|---|---|---|---|---|---|---|---|---|
| Dewey Decimal Classification | London | London | Journal article | 23/09/2005 | L131046 | 131046-1001 | 06/08/2019 | 1 | 06/08/2019 | Journal article |